LEADER 00957nam a2200217 i 4500 001 000000188169 003 CaOOAMICUS 005 20100402000000.0 008 100402s1981 it u000 u ita u 013 $a166324 040 $aSeMil$bita 245 10$aComunione e comunità. 2 :$bComunione e comunità nella chiesa domestica. Documento pastorale /$cConferenza Episcopale Italiana. 260 $aBologna :$bEDB,$c1981. 300 $a32 p. ;$c19 cm. 490 0 $aDocumenti ;$v17 650 4$aConferenza Episcopale Italiana - Documenti.$0(OLS)http://semarc/subject/24154 830 0$aDocumenti ;$v17.$0(OLS)http://semarc/title/424905 850 $aSeMil 852 $aSeMil$W1$xVenegono$y1$m1352 38 17 *$j138838$B138838$CSeMilBibl$Z2$F150419 $81 996 $6245$aComunione e comunità. 2 :$bComunione e comunità nella chiesa domestica. Documento pastorale$9(OLS)http://semarc/title/270740 996 $6260$aBologna :$bEDB$9(OLS)http://semarc/publisher/29669 LEADER 01828nam a2200337 i 4500 001 000000076570 003 CaOOAMICUS 005 20120717000000.0 008 120717s1996 sz u000 u ger u 013 $a47742 020 $a3-451-23969-8 020 $a3-7278-1026-2 040 $aSeMil$bita 245 10$aEthik zwischen Anspruch und Zuspruch :$bGottesfrage und Menschenbild in der katholischen Moraltheologie : Festschrift für Klaus Demmer zum fünfundsechzigsten Geburtstag /$cKlaus Arntz, Peter Schallenberg (Hrsg.) 260 $aFreiburg (Schweiz) :$bUniversitätsverlag,$c1996. 260 $aFreiburg ; Wien :$bHerder,$c1996. 300 $a362 p. ;$c23 cm. 490 0 $aStudien zur theologischen Ethik = Études d'étique chrétienne ;$v71 650 4$aTeologia morale fondamentale.$0(OLS)http://semarc/subject/2786 700 1 $aSchallenberg, Peter.$0(OLS)http://semarc/name/37725 700 1 $aArntz, Klaus <1963- >.$0(OLS)http://semarc/name/37724 700 1 $aDemmer, Klaus,$c.$0(OLS)http://semarc/name/16464 830 0$aStudien zur theologischen Ethik ;$v71.$0(OLS)http://semarc/title/60536 850 $aSeMil 852 $aSeMil$W1$xVenegono$y1$m2IA E 71$j262246$B42722$CSeMilBibl$Z2$F42946 $81 961 $aAcquisto: Koch, Neff & Oetinger 996 $6020$a3-451-23969-8$9(OLS)http://semarc/number/57548 996 $6020$a3-7278-1026-2$9(OLS)http://semarc/number/57549 996 $6245$aEthik zwischen Anspruch und Zuspruch :$bGottesfrage und Menschenbild in der katholischen Moraltheologie : Festschrift für Klaus Demmer zum fünfundsechzigsten Geburtstag$9(OLS)http://semarc/title/124144 996 $6260$aFreiburg ; Wien :$bHerder$9(OLS)http://semarc/publisher/31159 996 $6260$aFreiburg (Schweiz) :$bUniversitätsverlag$9(OLS)http://semarc/publisher/29720